38 sifat generasi unggulan

Bibliographic Details
Main Author: Al-Hilali, Majdi
Format: Book
Published: Kuala Lumpur : Darul Fikir , 2003
Subjects:

MARC

LEADER 00000cam a2200000 7i4500
001 0000013948
005 20080307.0
008 080213
020 |a 9795615629 
090 0 0 |a 297.57   |b HIL 
100 0 |a Al-Hilali, Majdi 
245 1 0 |a 38 sifat generasi unggulan   |c Dr Majdi Al-Hilali 
246 0 0 |a Tiga puluh lapan sifat generasi unggulan 
260 |a Kuala Lumpur :   |b Darul Fikir ,   |c 2003 
650 0 |a Islam   |x Customs and practices 
650 0 |a Religious life   |x Islam 
740 0 |a Tiga puluh lapan sifat generasi unggulan 
999 |a 0001004897   |b Book   |c Adult Collection   |e Perbadanan Perpustakaan Awam Johor 
999 |a 0001004898   |b Book   |c Adult Collection   |e Perbadanan Perpustakaan Awam Johor